[Event "Women's Speed Chess Q8"]
[Site "chess.com INT"]
[Date "2021.06.06"]
[Round "3"]
[White "Dauletova, Gulmira"]
[Black "Cyfka, Karina"]
[Result "0-1"]
[WhiteTitle "WGM"]
[BlackTitle "IM"]
[WhiteElo "2257"]
[BlackElo "2417"]
[WhiteFideId "13702971"]
[BlackFideId "1122681"]
[EventDate "2021.06.06"]

1. e4 e5 2. Nf3 Nc6 3. Bb5 a6 4. Ba4 Nf6 5. O-O b5 6. Bb3 Bb7 7. d3 Be7 8. c3
O-O 9. Re1 h6 10. Nbd2 d6 11. Nf1 Na5 12. Bc2 c5 13. Ng3 Bc8 14. d4 Qc7 15. h3
cxd4 16. cxd4 Nc6 17. d5 Nb4 18. Bb1 a5 19. a3 Na6 20. Bd2 Nc5 21. Bc2 a4 22.
Bb4 Nfd7 23. Rc1 Qb6 24. Nf5 Bf6 25. Nh2 Kh7 26. Ng4 Bg5 27. Rb1 g6 28. Ng3 Nf6
29. Nxf6+ Bxf6 30. Bd2 Bd7 31. Qf3 Bg7 32. h4 h5 33. Nxh5 gxh5 34. Qxh5+ Kg8 35.
Bh6 f6 36. Bxg7 Kxg7 37. Re3 Rf7 38. Rg3+ Kf8 39. Qh8+ Ke7 40. Qxa8 Nb7 41. Rg8
Nd8 42. h5 Qc7 43. Bd3 Rh7 44. Be2 Bc8 45. Bxb5 Rxh5 46. Bc6 Rg5 47. Rxg5 fxg5
48. Qxa4 Qb6 49. b4 g4 50. Qc2 g3 51. Kf1 Ba6+ 52. b5 Bc8 53. a4 Bg4 54. fxg3
Qe3 55. Qb3 Be2+ 56. Ke1 Bd3+ 57. Kd1 Qe2+ 58. Kc1 Qe1+ 0-1

[Event "Women's Speed Chess Q8"]
[Site "chess.com INT"]
[Date "2021.06.06"]
[Round "3"]
[White "Purtseladze, Maka"]
[Black "Arabidze, Meri"]
[Result "0-1"]
[WhiteTitle "IM"]
[BlackTitle "IM"]
[WhiteElo "2274"]
[BlackElo "2432"]
[WhiteFideId "13602659"]
[BlackFideId "13604040"]
[EventDate "2021.06.06"]

1. b3 Nf6 2. Bb2 g6 3. Bxf6 exf6 4. c4 b6 5. d4 Bb7 6. Nf3 Bg7 7. g3 d5 8. Bg2
dxc4 9. bxc4 O-O 10. O-O f5 11. e3 Nc6 12. Nbd2 Na5 13. Rc1 c5 14. Nb3 Nxb3 15.
axb3 Be4 16. d5 a5 17. Qe2 a4 18. bxa4 Rxa4 19. Nd2 Bxg2 20. Kxg2 Rb4 21. Qd3
Qd6 22. Rb1 Ra8 23. Rb3 h5 24. h4 Ra2 25. Rfb1 Kh7 26. Nf3 Bf6 27. Ng5+ Kg7 28.
e4 f4 29. Rxb4 cxb4 30. Qb3 Re2 31. Qf3 Ra2 32. Qxf4 Qxf4 33. gxf4 Bd4 34. Rxb4
Bxf2 35. Kf3 Bc5 36. Rb3 Rf2+ 37. Kg3 Rc2 38. Rd3 Rxc4 39. d6 Rd4 40. Rxd4 Bxd4
41. e5 b5 42. Ne4 Bb6 43. Kf3 Kf8 44. Ke2 Bd8 45. Ng5 Ke8 46. Kd3 f6 47. exf6
Bxf6 48. Ke4 Kd7 49. Kd5 b4 50. Kc4 Kxd6 51. Kxb4 Bxg5 52. fxg5 Ke5 53. Kc4 Kf5
54. Kd4 Kg4 55. Ke4 Kxh4 56. Kf4 Kh3 57. Ke5 Kg4 58. Kf6 h4 59. Kxg6 h3 60. Kf6
h2 61. g6 h1=Q 62. g7 Qf3+ 63. Kg6 Qf5+ 64. Kh6 Qh5# 0-1

[Event "Women's Speed Chess Q8"]
[Site "chess.com INT"]
[Date "2021.06.06"]
[Round "3"]
[White "Varshini, V"]
[Black "Vo, Thi Kim Phung"]
[Result "0-1"]
[WhiteTitle "WGM"]
[BlackTitle "WGM"]
[WhiteElo "2226"]
[BlackElo "2335"]
[WhiteFideId "5091241"]
[BlackFideId "12401838"]
[EventDate "2021.06.06"]

1. e4 e6 2. d4 d5 3. e5 c5 4. c3 Nc6 5. Nf3 Bd7 6. a3 c4 7. Be2 Na5 8. Nbd2 Ne7
9. O-O Nf5 10. Qe1 Ba4 11. Bd1 Qd7 12. Bxa4 Qxa4 13. Qe2 Qc2 14. Re1 Be7 15. Nf1
Qxe2 16. Rxe2 Nb3 17. Rb1 Nxc1 18. Rxc1 b5 19. Ne3 Nxe3 20. fxe3 a5 21. e4 Kd7
22. exd5 exd5 23. Rce1 Ra6 24. Kf2 Rb8 25. Ra1 Rb7 26. Nd2 Rba7 27. Nf1 Ke6 28.
Ne3 b4 29. a4 bxc3 30. bxc3 Rb7 31. g3 Rb3 32. Rc2 Rab6 33. Ng2 g5 34. Raa2 Ba3
35. Ne3 Be7 36. g4 Rb1 37. Nf5 Bf8 38. Kg2 R6b3 39. h3 h6 40. Kh2 h5 41. Kg2 h4
42. Kh2 Rd1 43. Rab2 Rd3 44. Kg2 Ba3 45. Ra2 Rdxc3 46. Rxc3 Rxc3 47. Ng7+ Kd7
48. Rf2 Ke7 49. Nf5+ Ke8 50. Nh6 Rg3+ 51. Kh2 Bb2 52. Rxb2 Rb3 53. Rf2 c3 54.
Kg2 Rb2 55. Nxf7 Rxf2+ 0-1

[Event "Women's Speed Chess Q8"]
[Site "chess.com INT"]
[Date "2021.06.06"]
[Round "3"]
[White "Vantika, Agrawal"]
[Black "Sviridova, Vlada"]
[Result "1-0"]
[WhiteTitle "WIM"]
[BlackTitle "WFM"]
[WhiteElo "2286"]
[BlackElo "2144"]
[WhiteFideId "25050389"]
[BlackFideId "24109606"]
[EventDate "2021.06.06"]

1. d4 d5 2. Bg5 h6 3. Bh4 c6 4. e3 Qb6 5. b3 e5 6. c3 e4 7. Nd2 Ne7 8. Bg3 Nf5
9. Ne2 Nd7 10. Nf4 Nf6 11. Be2 Bd6 12. O-O O-O 13. c4 Nxg3 14. hxg3 Qd8 15. Nb1
Bd7 16. Nc3 Bb4 17. Rc1 g5 18. Nh5 Nxh5 19. Bxh5 Be6 20. c5 f5 21. f3 exf3 22.
gxf3 g4 23. Ne2 Qg5 24. Nf4 Bd7 25. Qd3 Ba5 26. fxg4 Bc7 27. Nh3 Qg7 28. Nf4
fxg4 29. Bg6 Bxf4 30. exf4 Be8 31. Bxe8 Raxe8 32. Rce1 Qf6 33. Re5 Rxe5 34. dxe5
Qe7 35. Qg6+ Qg7 36. Qxg7+ Kxg7 37. Kf2 Kg6 38. Ke3 Kf5 39. Rh1 Rh8 40. Rh5+ Kg6
41. Rh1 h5 42. Rh4 Kf5 43. Kd4 b6 44. b4 Kg6 45. a3 Rf8 46. a4 bxc5+ 47. Kxc5
Rd8 48. Kxc6 d4 49. Rh1 d3 50. e6 d2 51. Rd1 Kf6 52. b5 Kxe6 53. a5 Rd6+ 54. Kc5
Rd5+ 55. Kc6 Rd3 56. b6 axb6 57. axb6 Rc3+ 58. Kb5 Rc2 59. b7 Rb2+ 60. Kc6 Ke7
61. Rxd2 1-0

[Event "Women's Speed Chess Q8"]
[Site "chess.com INT"]
[Date "2021.06.06"]
[Round "3"]
[White "Zhuravleva, Olga"]
[Black "Nanditha, V"]
[Result "1/2-1/2"]
[WhiteTitle "WIM"]
[BlackTitle "WCM"]
[WhiteElo "2278"]
[BlackElo "1666"]
[WhiteFideId "4145933"]
[BlackFideId "46626697"]
[EventDate "2021.06.06"]

1. e4 c6 2. Nf3 d5 3. Nc3 d4 4. Ne2 c5 5. d3 Nc6 6. g3 Bg4 7. Bg2 e5 8. O-O Nf6
9. Nd2 Qd7 10. f4 Bd6 11. Nf3 h5 12. Nh4 O-O-O 13. f5 g5 14. Bxg5 Nh7 15. Bxd8
Qxd8 16. c4 Be7 17. f6 Bxf6 18. Nf5 h4 19. h3 Bxe2 20. Qxe2 hxg3 21. a3 Ng5 22.
Qg4 Kb8 23. Nxg3 Ne6 24. Nh5 Rg8 25. Qf5 Bg5 26. Qxf7 Be3+ 27. Kh1 Qg5 28. Qf3
Nf4 29. Nxf4 exf4 30. e5 Qxe5 31. Rae1 Rg3 32. Qd5 Qxd5 33. cxd5 Ne5 34. Rd1 Kc7
35. Kh2 Kd6 36. h4 Rg4 37. Kh3 Rg3+ 38. Kh2 Ng4+ 39. Kh1 Nf2+ 40. Rxf2 Bxf2 41.
Rf1 Be3 42. Rf3 Rg4 43. Rh3 Rg3 44. h5 Rxh3+ 45. Bxh3 f3 46. Bg4 f2 47. Kg2 Kxd5
48. Bf3+ Ke5 49. Bxb7 a5 50. b3 Kd6 51. a4 Kc7 52. Be4 Kd6 53. Bf5 Ke5 54. Be4
Kf6 55. Bf3 Kg5 56. Kf1 Kh6 57. Be2 Kg5 58. Bf3 Kh4 59. Be2 Kg3 60. Bd1 Bd2 61.
Be2 Bh6 62. Bd1 Be3 63. Be2 Bd2 64. Bd1 Kh4 65. Be2 Be3 66. Bf3 Kg5 67. Be2 Kh6
68. Bd1 Kg5 69. Be2 Kh6 70. Bd1 Kg5 71. Be2 1/2-1/2

[Event "Women's Speed Chess Q8"]
[Site "chess.com INT"]
[Date "2021.06.06"]
[Round "3"]
[White "Tarasova, Viktoriya"]
[Black "Dordzhieva, Dinara"]
[Result "1-0"]
[WhiteTitle "WIM"]
[BlackTitle "WGM"]
[WhiteElo "2226"]
[BlackElo "2311"]
[WhiteFideId "4175840"]
[BlackFideId "24157570"]
[EventDate "2021.06.06"]

1. d4 Nf6 2. c4 e6 3. Nc3 c5 4. d5 exd5 5. cxd5 g6 6. Nf3 Bg7 7. Bf4 a6 8. a4 d6
9. h3 O-O 10. e3 Qe7 11. Nd2 Nbd7 12. Be2 Ne5 13. O-O Bf5 14. e4 Bd7 15. Bh2 Bc8
16. f4 Ned7 17. Bd3 Ne8 18. Nc4 f5 19. Re1 fxe4 20. Nxe4 Bd4+ 21. Kh1 Qg7 22.
Nexd6 Nxd6 23. Nxd6 Nf6 24. Bc4 Kh8 25. Re2 Bd7 26. Qc2 b5 27. Ba2 c4 28. Rd1
Bc5 29. f5 Bxd6 30. Bxd6 Bxf5 31. Qc3 Rf7 32. Be5 Raf8 33. g4 Qh6 34. gxf5 Kg8
35. fxg6 hxg6 36. Rg2 Nd7 37. Rdg1 Nxe5 38. Qxe5 Qxh3+ 39. Rh2 Qf3+ 40. Rhg2
Qh3+ 41. Qh2 Qxh2+ 42. Kxh2 Rf6 43. Rxg6+ Kh7 44. Rxf6 Rxf6 45. Rd1 Rf2+ 46. Kg3
Rf7 47. d6 Rd7 48. axb5 axb5 49. Bb1+ Kg7 50. Bf5 Rd8 51. d7 Kf6 52. Kf4 Ke7 53.
Ke5 Rh8 54. Rd5 Kd8 55. Kd4 Rh4+ 56. Kc5 b4 57. Kxb4 c3+ 58. Kxc3 Rf4 59. b4 Rf2
60. b5 Rf3+ 61. Kb4 Rf4+ 62. Kc5 Rf1 63. Re5 Rc1+ 64. Kb4 Rb1+ 65. Kc3 Rc1+ 66.
Kd4 Rd1+ 67. Kc5 Rc1+ 68. Kb6 Rc6+ 69. Ka5 Rd6 70. b6 Rd4 71. Ka6 1-0

[Event "Women's Speed Chess Q8"]
[Site "chess.com INT"]
[Date "2021.06.06"]
[Round "3"]
[White "Bodnaruk, Anastasia"]
[Black "Ouellet, Maili-Jade"]
[Result "1/2-1/2"]
[WhiteTitle "IM"]
[BlackTitle "WGM"]
[WhiteElo "2446"]
[BlackElo "2257"]
[WhiteFideId "4181751"]
[BlackFideId "2620472"]
[EventDate "2021.06.06"]

1. e4 c5 2. Nc3 d6 3. Nge2 Nf6 4. d4 cxd4 5. Nxd4 a6 6. h3 e5 7. Nde2 h5 8. g3
Be6 9. Bg2 Nbd7 10. O-O Qc7 11. Be3 b5 12. f4 Rc8 13. a3 Nb6 14. b3 Be7 15. Rc1
O-O 16. f5 Bd7 17. Nd5 Nbxd5 18. exd5 Qa5 19. Ra1 Rc7 20. Kh2 Rfc8 21. Ra2 b4
22. a4 Bb5 23. Rf2 Bd7 24. Nc1 Rb7 25. Rd2 Bd8 26. Qg1 Bb6 27. Bxb6 Rxb6 28. Qf2
Rc5 29. Nd3 Rc3 30. Nb2 Rb7 31. Nc4 Qc7 32. Ra1 a5 33. Rd3 Rxd3 34. cxd3 Bc8 35.
Rc1 Qd8 36. Ne3 Nd7 37. Nc4 Nc5 38. Nxd6 Nxd3 39. Rxc8 Qxc8 40. Nxc8 Nxf2 41. d6
Rd7 42. Bc6 Rd8 43. d7 Kf8 44. Nd6 Ke7 45. Nc4 Rxd7 46. Bxd7 Kxd7 47. Nxe5+ Ke7
48. Nc4 Nd3 49. Nxa5 Kd6 50. Kg2 Kc5 51. Kf3 Nc1 52. Ke4 Kb6 53. Nc4+ Kc5 54.
Nd2 f6 55. Ke3 Kd5 56. a5 Kc5 57. a6 Kb6 58. Kd4 Ne2+ 59. Kc4 Nxg3 60. Kxb4 Nxf5
61. Kc4 Kxa6 62. Kd5 Kb5 63. Ke6 Nd4+ 64. Kf7 f5 65. Kxg7 f4 66. Kg6 h4 67. Kg5
f3 68. Kxh4 f2 69. Kg3 Nxb3 70. Nf1 Nd4 71. Kxf2 Kc6 72. Kg3 Kd7 73. Kf4 Ke7 74.
Kg5 Ne6+ 75. Kg6 Kf8 76. Kf5 Kf7 77. Ne3 Ng7+ 78. Kg5 Ne6+ 79. Kf5 Ng7+ 80. Ke5
Kg6 81. h4 Kh5 82. Nf5 Nxf5 83. Kxf5 Kxh4 1/2-1/2

[Event "Women's Speed Chess Q8"]
[Site "chess.com INT"]
[Date "2021.06.06"]
[Round "4"]
[White "Grigoryan, Meri"]
[Black "Doluhanova, Evgeniya"]
[Result "0-1"]
[WhiteTitle "WFM"]
[BlackTitle "WGM"]
[WhiteElo "2044"]
[BlackElo "2192"]
[WhiteFideId "13300571"]
[BlackFideId "14112035"]
[EventDate "2021.06.06"]

1. d4 Nf6 2. Nf3 e6 3. Bf4 d5 4. c3 c5 5. e3 Bd6 6. Bg3 Qc7 7. Nbd2 O-O 8. Rc1
b6 9. Bd3 Ba6 10. Bxa6 Nxa6 11. Qe2 Nb8 12. Ne5 Nc6 13. Nxc6 Qxc6 14. Nf3 Ne4
15. Bxd6 Qxd6 16. Ne5 f6 17. Nd3 e5 18. h4 exd4 19. cxd4 cxd4 20. exd4 Rae8 21.
Kf1 Ng3+ 0-1

[Event "Women's Speed Chess Q8"]
[Site "chess.com INT"]
[Date "2021.06.06"]
[Round "4"]
[White "Linares Napoles, Oleiny"]
[Black "Varshini, V"]
[Result "1/2-1/2"]
[WhiteTitle "WGM"]
[BlackTitle "WGM"]
[WhiteElo "2255"]
[BlackElo "2226"]
[WhiteFideId "3504794"]
[BlackFideId "5091241"]
[EventDate "2021.06.06"]

1. c4 e5 2. Nc3 Nf6 3. g3 d5 4. cxd5 Nxd5 5. Bg2 Nb6 6. Nf3 Nc6 7. O-O Be7 8. a4
a5 9. d3 O-O 10. Be3 Be6 11. Bxb6 cxb6 12. Rc1 Rc8 13. Nd2 f5 14. Nb5 Bf6 15.
Nc4 Bxc4 16. Rxc4 Kh8 17. Qb3 h6 18. Rfc1 Qd7 19. Qa3 Nb4 20. Qb3 Nc6 21. Qc2
Ne7 22. Qb3 Nc6 1/2-1/2

[Event "Women's Speed Chess Q8"]
[Site "chess.com INT"]
[Date "2021.06.06"]
[Round "4"]
[White "Dordzhieva, Dinara"]
[Black "Hng, Mei-En Emmanuelle"]
[Result "1-0"]
[WhiteTitle "WGM"]
[BlackTitle "WFM"]
[WhiteElo "2311"]
[BlackElo "2013"]
[WhiteFideId "24157570"]
[BlackFideId "5804566"]
[EventDate "2021.06.06"]

1. Nf3 g6 2. c4 Bg7 3. g3 c5 4. Bg2 Nf6 5. Nc3 Nc6 6. a3 O-O 7. O-O d6 8. d3 h6
9. Bd2 Be6 10. Rb1 Ng4 11. b4 cxb4 12. axb4 Rb8 13. b5 Nce5 14. Nxe5 Nxe5 15.
Qa4 a5 16. bxa6 bxa6 17. Qxa6 Qd7 18. Nd5 Rbe8 19. Rb7 Qc8 20. Rfb1 Nd7 21. Qa7
Bxd5 22. Bxd5 Bf6 23. Bxh6 1-0

[Event "Women's Speed Chess Q8"]
[Site "chess.com INT"]
[Date "2021.06.06"]
[Round "4"]
[White "Vantika, Agrawal"]
[Black "Tarasova, Viktoriya"]
[Result "1-0"]
[WhiteTitle "WIM"]
[BlackTitle "WIM"]
[WhiteElo "2286"]
[BlackElo "2226"]
[WhiteFideId "25050389"]
[BlackFideId "4175840"]
[EventDate "2021.06.06"]

1. d4 Nf6 2. Nf3 e6 3. e3 b6 4. b3 Bb7 5. Bb2 d5 6. Bd3 Bd6 7. c4 Nbd7 8. O-O
O-O 9. Nc3 Ne4 10. Rc1 a6 11. Qc2 f5 12. Ne2 Ndf6 13. Ne5 c5 14. cxd5 Bxd5 15.
Nf4 cxd4 16. Bxd4 b5 17. a4 bxa4 18. bxa4 Qe7 19. Nxd5 Nxd5 20. Bxe4 Nb4 21. Qb1
fxe4 22. Qxe4 Rac8 23. Nf3 Qd7 24. Ng5 h6 25. Qh7# 1-0

[Event "Women's Speed Chess Q8"]
[Site "chess.com INT"]
[Date "2021.06.06"]
[Round "4"]
[White "Nanditha, V"]
[Black "Matveeva, Olga"]
[Result "0-1"]
[WhiteTitle "WCM"]
[BlackTitle "WIM"]
[WhiteElo "1666"]
[BlackElo "2145"]
[WhiteFideId "46626697"]
[BlackFideId "24107018"]
[EventDate "2021.06.06"]

1. e4 e6 2. d4 d5 3. Nc3 Nf6 4. e5 Nfd7 5. Nce2 c5 6. c3 Nc6 7. Nf3 f6 8. exf6
Nxf6 9. Nf4 cxd4 10. cxd4 Bd6 11. Nd3 O-O 12. Nfe5 Ne4 13. Qh5 Nxd4 14. Be3 Nc2+
15. Kd1 Nxa1 16. Be2 Qa5 17. Bh6 gxh6 18. Qg4+ Kh8 0-1

[Event "Women's Speed Chess Q8"]
[Site "chess.com INT"]
[Date "2021.06.06"]
[Round "4"]
[White "Corrales Jimenez, Zenia"]
[Black "Petrova, Irina"]
[Result "0-1"]
[WhiteTitle "WIM"]
[BlackTitle "WIM"]
[WhiteElo "2189"]
[BlackElo "2110"]
[WhiteFideId "3506355"]
[BlackFideId "14124122"]
[EventDate "2021.06.06"]

1. e4 d6 2. d4 Nf6 3. Nc3 e5 4. dxe5 dxe5 5. Qxd8+ Kxd8 6. Bg5 Be6 7. O-O-O+ Nd7
8. Nf3 Kc8 9. Bb5 c6 10. Ba4 Bb4 11. Rhe1 Bxc3 12. bxc3 Bxa2 13. Bxf6 gxf6 14.
Bb3 Bxb3 15. cxb3 Kc7 16. Nh4 a5 17. Nf5 a4 18. bxa4 Rxa4 19. Re2 Nc5 20. f3
Ra1+ 21. Kd2 Rd8+ 22. Nd4 Rxd1+ 23. Kxd1 exd4 24. c4 b5 25. cxb5 cxb5 26. Rc2
Kb6 27. g4 b4 28. h4 b3 29. Rc4 Kb5 30. Rc1 d3 31. Kd2 Kb4 32. g5 fxg5 33. hxg5
b2 34. Rb1 Nb3+ 35. Kd1 Ka3 0-1

[Event "Women's Speed Chess Q8"]
[Site "chess.com INT"]
[Date "2021.06.06"]
[Round "4"]
[White "Pavlidou, Ekaterini"]
[Black "Varney, Zoe"]
[Result "1-0"]
[WhiteTitle "WIM"]
[BlackTitle "WCM"]
[WhiteElo "2157"]
[BlackElo "1917"]
[WhiteFideId "4213262"]
[BlackFideId "436135"]
[EventDate "2021.06.06"]

1. d4 d5 2. c4 dxc4 3. Nf3 Nf6 4. e3 a6 5. Bxc4 c5 6. O-O e6 7. Qe2 Nc6 8. Rd1
Qc7 9. Nc3 Be7 10. dxc5 Bxc5 11. Bd2 O-O 12. Rac1 b5 13. Bb3 Bb7 14. Nxb5 axb5
15. Rxc5 Ne4 16. Rh5 g6 17. Rh3 Ne5 18. Nxe5 Qxe5 19. f3 Ng5 20. Rg3 Qf6 21. Bc3
Qe7 22. Qxb5 h6 23. Rd7 Nxf3+ 24. gxf3 Qh4 25. Rxg6+ fxg6 26. Rg7+ Kh8 27. Rh7+
Kg8 28. Rh8+ Kf7 29. Qxb7+ Ke8 30. Qxa8+ Kd7 31. Rxf8 Qg5+ 32. Kf1 1-0

[Event "Women's Speed Chess Q8"]
[Site "chess.com INT"]
[Date "2021.06.06"]
[Round "4"]
[White "Cyfka, Karina"]
[Black "Nemcova, Katerina"]
[Result "1/2-1/2"]
[WhiteTitle "IM"]
[BlackTitle "WGM"]
[WhiteElo "2417"]
[BlackElo "2331"]
[WhiteFideId "1122681"]
[BlackFideId "322750"]
[EventDate "2021.06.06"]

1. d4 e6 2. Nf3 Nf6 3. c4 d5 4. Nc3 c6 5. e3 Nbd7 6. Qc2 Bd6 7. Bd3 dxc4 8. Bxc4
e5 9. dxe5 Nxe5 10. Nxe5 Bxe5 11. Bd2 O-O 12. f4 Bc7 13. O-O Qe7 14. Rae1 Re8
15. Bd3 Bd7 16. e4 Ng4 17. h3 Bb6+ 18. Kh1 Qh4 19. Rf3 Nf2+ 20. Kh2 Ng4+ 21. Kh1
Nf2+ 22. Kh2 Ng4+ 23. Kh1 1/2-1/2

[Event "Women's Speed Chess Q8"]
[Site "chess.com INT"]
[Date "2021.06.06"]
[Round "4"]
[White "Gunina, Valentina"]
[Black "Babiy, Olga"]
[Result "1-0"]
[WhiteTitle "GM"]
[BlackTitle "WGM"]
[WhiteElo "2436"]
[BlackElo "2280"]
[WhiteFideId "4167570"]
[BlackFideId "14117258"]
[EventDate "2021.06.06"]

1. d4 d5 2. c4 dxc4 3. Nf3 Nf6 4. e3 e6 5. Bxc4 a6 6. O-O c5 7. Re1 Nc6 8. dxc5
Bxc5 9. Qxd8+ Kxd8 10. b3 b6 11. Bb2 Bb7 12. Nc3 b5 13. Be2 Ke7 14. Rac1 Bb4 15.
a3 Bd6 16. a4 b4 17. Na2 Rhc8 18. Nd2 Na5 19. f3 g6 20. e4 Nd7 21. Nc4 Bc5+ 22.
Kf1 Nxb3 23. Rcd1 Rd8 24. Rd3 Nb6 25. Rxb3 Nxa4 26. Nxb4 a5 27. Nd3 Ba6 28. Nxc5
Nxc5 29. Ba3 Rac8 30. Nb6 Bxe2+ 31. Kxe2 Rc6 32. Rc3 Rdc8 33. Rec1 Kd6 34. e5+
Kc7 35. Nxc8 1-0

[Event "Women's Speed Chess Q8"]
[Site "chess.com INT"]
[Date "2021.06.06"]
[Round "4"]
[White "Obregon Garcia, Roxangel"]
[Black "Kashlinskaya, Alina"]
[Result "0-1"]
[WhiteTitle "WIM"]
[BlackTitle "IM"]
[WhiteElo "2167"]
[BlackElo "2494"]
[WhiteFideId "3520420"]
[BlackFideId "4198026"]
[EventDate "2021.06.06"]

1. e4 e6 2. d4 d5 3. e5 c5 4. c3 Nc6 5. Nf3 Qb6 6. Be2 Nh6 7. Bxh6 gxh6 8. Qd2
Bd7 9. O-O Rg8 10. dxc5 Bxc5 11. b4 Be7 12. Na3 a5 13. Nb5 Nxe5 14. Nxe5 Bxb5
15. Bh5 O-O-O 16. Bxf7 Bxf1 17. Rxf1 Rg5 18. Qe2 Rf8 19. h4 Rxe5 20. Qxe5 Rxf7
21. Qh8+ Kd7 22. Qg8 Rf8 23. Qxh7 axb4 24. cxb4 Qxb4 25. Qxh6 Qxh4 0-1

[Event "Women's Speed Chess Q8"]
[Site "chess.com INT"]
[Date "2021.06.06"]
[Round "4"]
[White "Bulmaga, Irina"]
[Black "Gevorgyan, Maria"]
[Result "0-1"]
[WhiteTitle "IM"]
[BlackTitle "WGM"]
[WhiteElo "2440"]
[BlackElo "2219"]
[WhiteFideId "13903063"]
[BlackFideId "13300270"]
[EventDate "2021.06.06"]

1. e4 c5 2. Nf3 Nc6 3. d4 cxd4 4. Nxd4 g6 5. c4 Nf6 6. Nc3 Nxd4 7. Qxd4 d6 8.
Bg5 Bg7 9. Be2 O-O 10. Qe3 a5 11. h4 h5 12. f3 a4 13. Bh6 Qa5 14. Bxg7 Kxg7 15.
Qd4 Kh7 16. O-O-O Be6 17. g4 Rfc8 18. Kb1 Qb4 19. Nd5 Bxd5 20. exd5 Rc5 21. gxh5
Nxh5 22. f4 Rac8 23. Rc1 b5 24. Bxh5 Rxc4 25. Bxg6+ fxg6 26. Rxc4 Rxc4 27. Qe3
Re4 28. Qg3 Re2 29. Qc3 Qe4+ 30. Ka1 Qxh1+ 0-1

[Event "Women's Speed Chess Q8"]
[Site "chess.com INT"]
[Date "2021.06.06"]
[Round "4"]
[White "Zhuravleva, Olga"]
[Black "February, Jesse Nikki"]
[Result "1-0"]
[WhiteTitle "WIM"]
[BlackTitle "WIM"]
[WhiteElo "2278"]
[BlackElo "1863"]
[WhiteFideId "4145933"]
[BlackFideId "14312336"]
[EventDate "2021.06.06"]

1. e4 e6 2. d4 d5 3. Nd2 Nf6 4. e5 Nfd7 5. Bd3 c5 6. c3 Nc6 7. Ne2 cxd4 8. cxd4
f6 9. exf6 Nxf6 10. O-O Bd6 11. Nf3 O-O 12. Ng3 e5 13. dxe5 Nxe5 14. Nxe5 Bxe5
15. Qe2 Qc7 16. Bg5 Bg4 17. Qd2 Rac8 18. Rac1 Qb8 19. Bb1 h6 20. Bxf6 Bxf6 21.
Qxd5+ Rf7 22. Qe4 Bd7 23. Qh7+ Kf8 24. Qh8+ Ke7 25. Rfe1+ Be5 26. Rxc8 Bxc8 27.
Bg6 Rf8 28. Qxg7+ 1-0

[Event "Women's Speed Chess Q8"]
[Site "chess.com INT"]
[Date "2021.06.06"]
[Round "4"]
[White "Maltsevskaya, Aleksandra"]
[Black "Kulon, Klaudia"]
[Result "1-0"]
[WhiteTitle "WGM"]
[BlackTitle "IM"]
[WhiteElo "2390"]
[BlackElo "2363"]
[WhiteFideId "24174041"]
[BlackFideId "1131044"]
[EventDate "2021.06.06"]

1. d4 d5 2. c4 e6 3. Nf3 c6 4. g3 dxc4 5. Bg2 Nf6 6. O-O b5 7. a4 Bb7 8. Ne5 Qc8
9. b3 cxb3 10. Qxb3 bxa4 11. Qxa4 Bd6 12. Ba3 Qc7 13. Nc4 Be7 14. Qa5 Na6 15.
Qxc7 Nxc7 16. Na5 Bxa3 17. Nxa3 O-O-O 18. Nxb7 Kxb7 19. Rfb1+ Kc8 20. e3 Nfd5
21. Nc4 Nb5 22. Ne5 Kc7 23. Nxf7 Rhf8 24. Nxd8 Rxd8 25. Bf1 Ndc3 26. Rb3 Ra8 27.
Rc1 a5 28. Bxb5 Na2 29. Rxc6+ Kb7 30. Rxe6 Nb4 31. Bc6+ 1-0

[Event "Women's Speed Chess Q8"]
[Site "chess.com INT"]
[Date "2021.06.06"]
[Round "4"]
[White "Arabidze, Meri"]
[Black "Bivol, Alina"]
[Result "1-0"]
[WhiteTitle "IM"]
[BlackTitle "WGM"]
[WhiteElo "2432"]
[BlackElo "2374"]
[WhiteFideId "13604040"]
[BlackFideId "4100123"]
[EventDate "2021.06.06"]

1. Nf3 Nf6 2. d4 g6 3. g3 Bg7 4. Bg2 b6 5. O-O Bb7 6. a4 a5 7. Nc3 O-O 8. Re1
Ne4 9. Qd3 Nxc3 10. bxc3 f5 11. c4 Nc6 12. c3 Kh8 13. Bg5 d6 14. Nh4 Qd7 15. e4
fxe4 16. Bxe4 Qg4 17. Bxe7 Nxe7 18. Bxb7 Rae8 19. Bg2 Bf6 20. Nf3 Qd7 21. d5 Nf5
22. Bh3 Qg7 23. Bxf5 gxf5 24. Nd4 Bxd4 25. Qxd4 Qxd4 26. cxd4 f4 27. Kg2 Kg7 28.
Re6 fxg3 29. hxg3 Kf7 30. Rae1 Rxe6 31. dxe6+ Ke7 32. d5 c6 33. Rb1 cxd5 34.
cxd5 Rf5 35. Rd1 Re5 36. Rd4 Re2 37. g4 Rb2 38. Kf3 Rb4 39. Rxb4 axb4 40. Ke4 1-0

[Event "Women's Speed Chess Q8"]
[Site "chess.com INT"]
[Date "2021.06.06"]
[Round "4"]
[White "Zaksaite, Salomeja"]
[Black "Jakubowska, Anna"]
[Result "1-0"]
[WhiteTitle "WIM"]
[BlackTitle "WIM"]
[WhiteElo "2202"]
[BlackElo "2073"]
[WhiteFideId "12801496"]
[BlackFideId "1121952"]
[EventDate "2021.06.06"]

1. e4 c6 2. d4 d5 3. e5 Bf5 4. Nf3 e6 5. Be2 Nd7 6. O-O Ne7 7. Nbd2 h6 8. Nb3 g5
9. c3 Bg7 10. h3 Qc7 11. Nh2 O-O-O 12. Bh5 f6 13. f4 gxf4 14. exf6 Bxf6 15. Bxf4
e5 16. dxe5 Bxe5 17. Bxe5 Qxe5 18. Nd4 Be4 19. Bf3 Rhg8 20. Ng4 Qg3 21. Bxe4
dxe4 22. Qe1 Qd6 23. Qxe4 h5 24. Ne3 Ng6 25. Nef5 Qc5 26. Kh2 Rde8 27. Ne6 Qe5+
28. Qxe5 Ngxe5 29. Nd6+ Kb8 30. Nxe8 Rxe8 31. Nd4 Nd3 32. b3 Re2 33. Rad1 N3e5
34. a4 Ng6 35. Nxe2 1-0

[Event "Women's Speed Chess Q8"]
[Site "chess.com INT"]
[Date "2021.06.06"]
[Round "4"]
[White "Purtseladze, Maka"]
[Black "Bodnaruk, Anastasia"]
[Result "0-1"]
[WhiteTitle "IM"]
[BlackTitle "IM"]
[WhiteElo "2274"]
[BlackElo "2446"]
[WhiteFideId "13602659"]
[BlackFideId "4181751"]
[EventDate "2021.06.06"]

1. b3 e5 2. Bb2 Nc6 3. Nf3 d6 4. e3 f5 5. Bb5 Bd7 6. d4 exd4 7. exd4 Qe7+ 8. Kf1
Nf6 9. d5 Ne5 10. Bxd7+ Nfxd7 11. Nd4 O-O-O 12. Ne6 Re8 13. c4 g5 14. Nc3 a6 15.
a4 Nc5 16. Nxf8 Rhxf8 17. Ne2 f4 18. Nd4 g4 19. Ne6 Nxe6 20. dxe6 Qxe6 21. Qd4
Kb8 22. Re1 Qf5 23. Qe4 Nd3 24. Qxe8+ Rxe8 25. Rxe8+ Ka7 26. Bc3 Ne5 27. h3 Qb1+
28. Be1 g3 29. fxg3 fxg3 30. h4 Qxb3 31. Rh3 Qxc4+ 32. Kg1 Qd4+ 33. Kf1 Qf4+ 34.
Kg1 Qe3+ 35. Kf1 Qd3+ 36. Kg1 Qe2 37. Bxg3 Nf3+ 38. gxf3 Qxe8 39. Bf2+ b6 40. a5
c5 41. axb6+ Kxb6 42. Rg3 a5 43. Rg4 a4 44. Rb4+ Ka5 45. Re4 Qg8+ 46. Kf1 a3 47.
Be1+ Kb5 48. Ke2 Qb3 49. Re3 Qc2+ 50. Bd2 a2 0-1